Places To Study

There are group study rooms, individual study carrels, computer labs, and other spaces to study in the Libraries.

Reserve A Group Room

Online Resources

Access thousands of eBooks, audiobooks, and online journals from the comfort of your home.

Explore Resources

Events and Workshops

Join our upcoming events and workshops to enhance your skills and knowledge.

View Events

ဥဒါန်း အဋ္ဌကထာနိဿယ၊ (Record no. 2562)

MARC details
000 -LEADER
fixed length control field 01076nam a22001937a 4500
003 - CONTROL NUMBER IDENTIFIER
control field OSt
005 - DATE AND TIME OF LATEST TRANSACTION
control field 20251121095935.0
008 - FIXED-LENGTH DATA ELEMENTS--GENERAL INFORMATION
fixed length control field 251121b |||||||| |||| 00| 0 eng d
040 ## - CATALOGING SOURCE
Transcribing agency DCL
082 ## - DEWEY DECIMAL CLASSIFICATION NUMBER
Classification number ၂၉၄.၃၈၂၃၅၁၂
130 ## - MAIN ENTRY--UNIFORM TITLE
Uniform title တိပိဋက။
Name of part/section of a work သုတ္တန္တပိဋက။
-- ခုဒ္ဒကနိကာယ။
Title of a work ဥဒါန၊
Language of a work အဋ္ဌကထာ၊
Version နိဿယ။
245 ## - TITLE STATEMENT
Title ဥဒါန်း အဋ္ဌကထာနိဿယ၊
Number of part/section of a work ဒုတိယတွဲ /
Statement of responsibility, etc. အသျှင်စာဂရမထေရ်။
264 ## - PRODUCTION, PUBLICATION, DISTRIBUTION, MANUFACTURE, AND COPYRIGHT NOTICE
Place of production, publication, distribution, manufacture မန္တလေး ၊
Name of producer, publisher, distributor, manufacturer မန္တလေးတောင်ပိဋကတ်စာပုံနှိပ်တိုက်၊
Date of production, publication, distribution, manufacture, or copyright notice ၂၀၀၅။
300 ## - PHYSICAL DESCRIPTION
Extent ၅၂၀ စာမျက်နှာ ၊
Dimensions ၂၅ စင်တီ။
650 ## - SUBJECT ADDED ENTRY--TOPICAL TERM
Topical term or geographic name entry element ဥဒါန်း
Form subdivision အဋ္ဌကထာ နိဿယ။
650 ## - SUBJECT ADDED ENTRY--TOPICAL TERM
Topical term or geographic name entry element ဥဒါန
Form subdivision ပါဠိတော် နိဿယ။
700 ## - ADDED ENTRY--PERSONAL NAME
Personal name စာဂရမထေရ်၊ အသျှင်
942 ## - ADDED ENTRY ELEMENTS (KOHA)
Source of classification or shelving scheme Dewey Decimal Classification
Koha item type Short Term
Suppress in OPAC No
Holdings
Withdrawn status Lost status Source of classification or shelving scheme Damaged status Not for loan Collection Accession No. Home library Current library Shelving location Date acquired Total checkouts Full call number Barcode Date last seen Price effective from Koha item type
    Dewey Decimal Classification     Myanmar Pitaka Collection ၁၃၉၈ Dhammadhara Dhammadhara Myanmar Pitaka Shelves 21/11/2025   ၂၉၄.၃၈၂၃၅၁၂ ခုဒ္ဒ ၁၃၉၈ MB00001398 21/11/2025 21/11/2025 Short Term